| 000 | 01126nam a2200277Ia 4500 | ||
|---|---|---|---|
| 001 | ebr10058621 | ||
| 003 | CaPaEBR | ||
| 006 | m u | ||
| 007 | cr cn||||||||| | ||
| 008 | 040102s2004 enk s 000 0 eng d | ||
| 020 | _z0861769341 | ||
| 040 |
_aCaPaEBR _cCaPaEBR |
||
| 035 | _a(OCoLC)70738884 | ||
| 050 | 1 | 4 |
_aTK5105.59 _b.N48 2004eb |
| 245 | 0 | 0 |
_aNetwork and security issues for internet mobile entertainment _h[electronic resource]. |
| 260 |
_aBradford, England : _bEmerald Group Publishing, _cc2004. |
||
| 300 | _a104 p. | ||
| 490 | 1 |
_aThe Electronic Library. Number 1 ; _vVolume 22 |
|
| 533 |
_aElectronic reproduction. _bPalo Alto, Calif. : _cebrary, _d2009. _nAvailable via World Wide Web. _nAccess may be limited to ebrary affiliated libraries. |
||
| 650 | 0 |
_aInternet _xSecurity measures. |
|
| 650 | 0 |
_aComputer networks _xSecurity measures. |
|
| 655 | 7 |
_aElectronic books. _2local |
|
| 710 | 2 | _aebrary, Inc. | |
| 830 | 0 |
_aElectronic Library. _nNumber 1 ; _vv. 22. |
|
| 856 | 4 | 0 |
_uhttp://site.ebrary.com/lib/rucke/Doc?id=10058621 _zAn electronic book accessible through the World Wide Web; click to view |
| 999 |
_c69532 _d69532 |
||